书目信息 |
| 题名: |
邓丽君
|
|
| 作者: | 窦应泰 著 | |
| 分册: | ||
| 出版信息: | 哈尔滨 北方文艺出版社 |
|
| 页数: | 466页 | |
| 开本: | 32开 | |
| 丛书名: | ||
| 单 册: | ||
| 中图分类: | K825.7 | |
| 科图分类: | ||
| 主题词: | 人物--传记--中国 | |
| 电子资源: | ||
| ISBN: | 7-5317-1079-X | |
| 000 | 00519nam0 2200193 45 | |
| 001 | 0011151921 | |
| 005 | 20001115195026.1 | |
| 010 | @a7-5317-1079-X@d23.80元 | |
| 100 | @a20001115d km y0chiy0120 ea | |
| 101 | 0 | @achi |
| 105 | @a z 000yy | |
| 200 | 1 | @a邓丽君@ADeng Li Jun@f窦应泰著@FDou Ying Tai Zhu |
| 210 | @a哈尔滨@c北方文艺出版社 | |
| 215 | @a466页@d32开 | |
| 606 | 0 | @a人物@x传记@x中国 |
| 690 | @aK825.7@v3 | |
| 701 | 0 | @a窦应泰@4著 |
| 801 | @aCN@bPftUser@c20001115 | |
| 905 | @b408354-358@dK825.7@eD825@f5 | |
| 邓丽君/窦应泰著.-哈尔滨:北方文艺出版社 |
| 466页;32开 |
| ISBN 7-5317-1079-X:23.80元 |
| ● |
| 相关链接 |
|
|
|
正题名:邓丽君
索取号:K825.7/D825
 
预约/预借
| 序号 | 登录号 | 条形码 | 馆藏地/架位号 | 状态 | 备注 |
| 1 | 202819 | 202028199 | 社科库309/309社科库 53排5列5层/ [索取号:K825.7/D825] | 在馆 | |
| 2 | 408354 | 204083543 | 社科库309/ [索取号:K825.7/D825] | 在馆 | |
| 3 | 408355 | 204083552 | 社科库309/ [索取号:K825.7/D825] | 在馆 | |
| 4 | 408356 | 204083561 | 自科二线404/400A自科库 10排2列3层/ [索取号:K825.7/D825] | 在馆 | |
| 5 | 408357 | 204083570 | 社科库309/309社科库 53排5列5层/ [索取号:K825.7/D825] | 在馆 | |
| 6 | 408358 | 204083589 | 自科二线404/400A自科库 15排2列1层/ [索取号:K825.7/D825] | 在馆 |